| 000 | 00682nam a2200181Ia 4500 | ||
|---|---|---|---|
| 999 |
_c12330 _d12330 |
||
| 005 | 20240809174148.0 | ||
| 008 | 240808s9999 xx 000 0 und d | ||
| 040 |
_aUPAN _cBiblioteca San Vicente _eRCAA2 |
||
| 041 | _aspa | ||
| 082 |
_a380.1 _bHer _c2022 |
||
| 100 |
_aHerrera Mayorga, Claudia Patricia _4aut. |
||
| 245 | 0 | _aManual de aplicación de comercio electrónico, para la empresa "Consumo lo que produzco" para el año 2021 en el municipio de San Salvador. | |
| 260 |
_aSan Salvador: _bUniversidad Panamericana, _c2022 |
||
| 300 |
_a189 p.; _c28 cm. |
||
| 650 |
_2LEMB _aManual _xComercio electrónico |
||
| 700 |
_aRamírez Ramírez, Merlín Liseth _4aut. |
||
| 942 |
_cBK _2ddc |
||